Tvorba GUI pre syntézu regulátorov

Saved in:
Bibliographic Details
Main Author: Čemanová, Lenka
Format: Book
Language:Slovak
Published: Bratislava STU FCHPT 2007
Online Access:View in OPAC
Tags: Add Tag
No Tags, Be the first to tag this record!

MARC

LEADER 00000nam a2200000 a 4500
005 20260127134020.0
008 060607 2006 xo 000 0 slo d
035 |a vtls009008598 
039 9 |y 200707230909  |z mschk03 
040 |a STUSCHK1  |b slo  |c STUSCHK1  |e AACR2 
100 1 |a Čemanová, Lenka 
245 1 |a Tvorba GUI pre syntézu regulátorov  |c Lenka Čemanová 
260 |a Bratislava  |b STU FCHPT  |c 2007 
300 |a 43 s.  |b tab.,grafy, lit.  |c 29 cm 
500 |a Obháj.: 6.6. 2007 
500 |a Špec.: Informatizácia a riadenie procesov 
500 |a Ústav informatizácie, automatizácie a matematiky 
910 |a SCHK95 
999 |c 2139  |d 2139